<?xml version="1.0" encoding="UTF-8"?>
<marc:record xmlns:marc="http://www.loc.gov/MARC21/slim">
   <marc:leader>00000nam a2200000 a 4500</marc:leader>
   <marc:datafield ind1="1" ind2=" " tag="100">
      <marc:subfield code="a">Yabuki, Kentaro</marc:subfield>
      <marc:subfield code="4">aut</marc:subfield>
      <marc:subfield code="e">Verfasser/-in</marc:subfield>
   </marc:datafield>
   <marc:datafield ind1="0" ind2="0" tag="245">
      <marc:subfield code="a">Kerbelos</marc:subfield>
   </marc:datafield>
   <marc:datafield ind1=" " ind2="1" tag="264">
      <marc:subfield code="b">Carlsen Verlag</marc:subfield>
      <marc:subfield code="c">2006</marc:subfield>
   </marc:datafield>
   <marc:datafield ind1="1" ind2=" " tag="490">
      <marc:subfield code="a">Black Cat</marc:subfield>
   </marc:datafield>
   <marc:datafield ind1="1" ind2=" " tag="520">
      <marc:subfield code="a">Von Kronos mit der Suche nach den &amp;#x00bb;Aposteln des Planeten&amp;#x00ab; beauftragt, spürt Saphiria, die No. I der &amp;#x00bb;Numbers&amp;#x00ab;, das Versteck von Creed und seinen Leuten auf. Sie beschließt, die Spezialeinheit Kerbelos dorthin zu schicken, um die Apostel bei einem Überraschungsangriff ausschalten. Auch Train, Sven und Eve stoßen wenig später auf das Versteck von Creed. Der Kampf ist bereits voll im Gange. [Klappentext]</marc:subfield>
   </marc:datafield>
   <marc:datafield ind1=" " ind2=" " tag="020">
      <marc:subfield code="a">9783551782885</marc:subfield>
      <marc:subfield code="9">9783551782885</marc:subfield>
   </marc:datafield>
</marc:record>
